Entscheidungstheorie

Guardado en:
Detalles Bibliográficos
Autor principal: Laux, Helmut
Otros Autores: Gillenkirch, Robert M., Schenk-Mathes, Heike Y.
Formato: Libro
Lenguaje:alemán
Publicado: Berlin Springer Gabler 2018
Edición:10. aktualisierte und erweiterte Auflage
Colección:Lehrbuch
Materias:
Etiquetas: Agregar Etiqueta
Sin Etiquetas, Sea el primero en etiquetar este registro!

MARC

LEADER 00000nam a2200000 4500
001 0259809
005 20240221114030.2
020 |a 978-3-662-57817-9 
020 |a 978-3-662-57818-6 
041 0 |a ger 
044 |a DE 
245 1 0 |a Entscheidungstheorie  |c Helmut Laux, Robert M. Gillenkirch, Heike Y. Schenk-Mathes 
250 |a 10. aktualisierte und erweiterte Auflage 
264 1 |a Berlin  |b Springer Gabler  |c 2018 
300 |a 682 s. 
490 1 |a Lehrbuch 
830 0 |a Lehrbuch 
610 2 0 |a podnik 
610 2 0 |a rozhodovanie 
610 2 0 |a rozhodovanie za rizika 
610 2 0 |a teória rozhodovania 
610 2 0 |a modely rozhodovania 
610 2 0 |a modelovanie ekonometrické 
610 2 0 |a výskum operačný 
100 1 |a Laux, Helmut 
700 1 |a Gillenkirch, Robert M. 
700 1 |a Schenk-Mathes, Heike Y.